Gaming Quiz

Random Gaming Quiz

Super Smash Bros. Stages Quiz Stats

 Plays Quiz not verified by Sporcle

Also try: Mario Kart Racers
Challenge
Share
Tweet
Embed
Score 0/130 Timer 20:00
0 Plays Today
Answer % Correct
Final Destination
95.8%
Final Destination
95.8%
Final Destination
95.8%
Final Destination
95.8%
Battlefield
95.2%
Battlefield
95.2%
Battlefield
95.2%
Battlefield
95.2%
Peach's Castle
94%
Pokemon Stadium
92.8%
Onett
91.6%
Yoshi's Island
91%
Yoshi's Island
91%
Yoshi's Island
91%
Pokemon Stadium 2
91%
Corneria
90.4%
Temple
89.8%
Green Hill Zone
89.2%
Brinstar
88.6%
Poke Floats
88.6%
Big Blue
88.6%
Dream Land
88%
Dream Land
88%
Mushroom Kingdom
87.4%
Mushroom Kingdom
87.4%
Jungle Japes
87.4%
Hyrule Castle
86.2%
Flat Zone
86.2%
Mario Circuit
86.2%
Mario Circuit
86.2%
Mute City
85%
Mushroomy Kingdom
85%
New Pork City
85%
Flat Zone 2
85%
Mute City
85%
Delfino Plaza
84.4%
Big Battlefield
84.4%
Green Greens
83.8%
Halberd
83.8%
WarioWare, Inc.
83.8%
Luigi's Mansion
83.2%
Bridge of Eldin
83.2%
Congo Jungle
82.6%
Fountain Of Dreams
82.6%
Answer % Correct
Castle Siege
82.6%
Yoshi's Story
82%
Brinstar Depths
82%
Pirate Ship
82%
Saffron City
80.8%
Lylat Cruise
80.8%
PictoChat
80.8%
Rainbow Cruise
79%
Venom
79%
Shadow Moses Island
79%
Rainbow Road
79%
Sector Z
78.4%
Mario Galaxy
78.4%
Mushroom Kingdom II
77.8%
Fourside
77.8%
Norfair
77.8%
Smashville
77.8%
Pac-Land
77.8%
Kongo Jungle
77.2%
Great Bay
77.2%
Skyworld
77.2%
Midgar
77.2%
Midgar
77.2%
Summit
76.6%
Flat Zone X
76.6%
Princess Peach's Castle
76%
Boxing Ring
76%
Boxing Ring
76%
75m
75.4%
Planet Zebes
74.9%
3D Land
74.9%
Duck Hunt
74.9%
Wily Castle
74.9%
Super Mario Maker
74.9%
Duck Hunt
74.9%
Wily Castle
74.9%
Super Mario Maker
74.9%
Icicle Mountain
74.3%
Spear Pillar
74.3%
Pac-Maze
74.3%
Hanenbow
73.7%
Gaur Plain
73.1%
Skyloft
73.1%
Gaur Plain
73.1%
Answer % Correct
Kalos Pokemon League
72.5%
Palutena's Temple
72.5%
Town and City
72.5%
Windy Hill Zone
72.5%
Port Town Aero Dive
71.9%
Mario Bros.
71.3%
Rumble Falls
71.3%
Spirit Train
71.3%
PictoChat 2
71.3%
Umbra Clock Tower
71.3%
Gamer
71.3%
Umbra Clock Tower
71.3%
Distant Planet
70.7%
Golden Plains
70.7%
The Great Cave Offensive
70.7%
Gerudo Valley
70.1%
Mushroom Kingdom U
69.5%
Wii Fit Studio
69.5%
Unova Pokemon League
68.9%
Arena Ferox
67.7%
Frigate Orpheon
66.5%
Pilotwings
66.5%
Miiverse
65.9%
Magicant
65.3%
Find Mii
64.1%
Suzaku Castle
63.5%
Pyrosphere
63.5%
Suzaku Castle
63.5%
Tortimer Island
62.9%
Garden Of Hope
62.9%
Reset Bomb Forest
62.3%
Paper Mario
61.7%
Coliseum
61.7%
Wrecking Crew
61.1%
Prism Tower
60.5%
Orbital Gate Assault
60.5%
Wuhu Island
59.3%
Woolly World
58.7%
Living Room
56.9%
Balloon Fight
56.3%
Tomodachi Life
56.3%
Jungle Hijinxs
49.7%

You're not logged in!

Compare scores with friends on all Sporcle quizzes.
Join for Free
OR
Log In

You Might Also Like...

Show Comments

Extras

Created Aug 6, 2017ReportNominate
Tags:bro, Bros Stages, smash, stage

Top Quizzes Today


Score Distribution

Your Account Isn't Verified!

In order to create a playlist on Sporcle, you need to verify the email address you used during registration. Go to your Sporcle Settings to finish the process.

Report this User

Report this user for behavior that violates our Community Guidelines.

Details: